00281nam a2200121Ia 4500008004100000041001200041082001100053100001500064245005000079260000600129650000600135700001800141221030s9999 xx 000 0 und d aEnglish a105.23 aN. D. Bhat 0aMachine Drawingcby N. D. Bhat, V. M. Panchal c0 aB aV. M. Panchal